| 000 | 00618nam a22002057a 4500 | ||
|---|---|---|---|
| 999 |
_c2781 _d2781 |
||
| 003 | AR-CdUCM | ||
| 008 | 190305b ||||| |||| 00| 0 spa d | ||
| 040 |
_aMUNICIPALIDAD PROVINCIAL DEL CUSCO _cBIBLIOTECA MUNICIPAL DEL CUSCO |
||
| 082 |
_a869.56 / _bC93 |
||
| 100 |
_aCuadros E., Manuel E. _99690 |
||
| 245 | _aRetamayocc o el Oasis de una Raza / | ||
| 260 |
_aLima : _bUltra ; _c1971. |
||
| 300 |
_a253 páginas ; _c20cm |
||
| 505 | _aLiteratura | ||
| 650 |
_aLiteratura peruana _9169 |
||
| 650 |
_a Literatura contemporánea _9759 |
||
| 650 |
_aLiteratura siglo XX _91173 |
||
| 942 |
_2ddc _cLIBROS |
||
| 945 | _anom | ||